00337nam a22001217a 450000500170000002000250001703700140004210000150005624500410007126000330011227000410014530000290018620111212140243.0 a9788121937290c89.00 bS. Chand  aPipe, Jim  aLook and play kittens /cby Jim Pipe aNew Delhi bS. Chand c2011 a7361, Ram Nagar bNew Delhi e110055 a24p. bill. c24cm(pbk)